• 首页
  • 本馆介绍
  • 公告通知
  • 最新文献
  • 馆藏检索
  • 电子资源
  • 读者导购
  • 参考咨询
  • 我的图书馆
  • 登录
  • 详细信息显示
  • 放入我的书架
  • 预约/预借图书
  • 作者相关作品
  • 分类相关作品
  • 丛书相关作品
  • 出版社相关作品

书目信息

  • 表格格式
  • 工作单格式
  • 卡片格式
题名:
花生
    
 
作者: 曹敏建 , 王晓光 , 于海秋 编著
分册:  
出版信息: 沈阳   辽宁科学技术出版社  2013.12
页数: 137页
开本: 26cm
丛书名: 辽宁省优秀自然科学著作
单 册:
中图分类: S565.2
科图分类:
主题词: 花生--栽培技术 , 花生
电子资源:
ISBN: 978-7-5381-8363-4
000 01101oam2 2200337 450
001 012014019922
005 20140610104823.73
010    @a978-7-5381-8363-4@dCNY30.00
100    @a20140304d2013 em y0chiy0110 ea
101 0  @achi
102    @aCN@b210000
105    @aak z 000yy
106    @ar
200 1  @a花生@9hua sheng@e历史·栽培·育种·加工@f曹敏建,王晓光,于海秋编著
210    @a沈阳@c辽宁科学技术出版社@d2013.12
215    @a137页@c图@d26cm
225 2  @a辽宁省优秀自然科学著作
312    @a封面英文题名:Peanut
330    @a本书共分为六章,主要内容包括:花生概述;花生栽培的生物学基础;花生栽培;花生育种的遗传学基础等。
333    @a花生种植人员
461  0 @12001 @a辽宁省优秀自然科学著作
510 1  @aPeanut@zeng
517 1  @a历史·栽培·育种·加工@9li shi · zai pei · yu zhong · jia gong
606 0  @a花生@x栽培技术
606 0  @a花生
690    @aS565.2@v5
701  0 @a曹敏建@9cao min jian@4编著
701  0 @a王晓光@9wang xiao guang@4编著
701  0 @a于海秋@9yu hai qiu@4编著
801  0 @aCN@b人天书店@c20140304
905    @b846262-65@dS565.2@e54@f4
    
    花生:历史·栽培·育种·加工/曹敏建,王晓光,于海秋编著.-沈阳:辽宁科学技术出版社,2013.12
    137页:图;26cm.-(辽宁省优秀自然科学著作)
    使用对象:花生种植人员
    
    ISBN 978-7-5381-8363-4:CNY30.00
    本书共分为六章,主要内容包括:花生概述;花生栽培的生物学基础;花生栽培;花生育种的遗传学基础等。
●
相关链接 在E读中查询图书 在五车中查询图书 在当当中查询图书 在豆瓣中查询图书


正题名:花生     索取号:S565.2/54         预约/预借

序号 登录号 条形码 馆藏地/架位号 状态 备注
1 846262   208462625   第二样本阅览室/ [索取号:S565.2/54] 在馆    
2 846263   208462634   第三借阅区/ [索取号:S565.2/54] 在馆    
3 846264   208462643   第三借阅区/ [索取号:S565.2/54] 在馆    
4 846265   208462652   密集书库-生命科学系/ [索取号:S565.2/54] 在馆    
唐山师范学院图书馆 欢迎您!
大连网信软件有限公司© 版权所有